000 00417nam a2200181Ia 4500
001 17063
005 20260306170357.0
008 260306t2007||||xx |||||||||||||| ||und||
041 _aESP
082 _a657.45
_bB38
100 _aBell, Timothy
_eAUT
245 0 _aAuditoría basada en riesgos
260 _c2007
300 _a300 páginas :
_ccm.
650 _aGEN
654 _aCCO
942 _cLIB
_dJUS
_fJUS
_2ddc
_n
999 _c17063
_d17063